000
00303nam a2200133Ia 4500
008
240624s9999 xx 000 0 und d
041
_a
eng
082
_a
658.81 STI
100
_a
STILL RICHARD R
245
_a
SALES MANAGEMENT DECISIONS STRATEGIES AN
260
_c
2004
300
_a
#N/A
365
_c
RS
999
_c
2527
_d
2527